00800nam a2200253Ia 45000010006000000050017000060070003000230080041000260200022000670400025000890410008001140820020001221000020001422450070001622500014002322600046002463000019002926530033003116530030003446530015003749420012003899520128004019990017005295418820240114005413.0ta110602s1970 g b000 u 903 u a0 7100 6904 9 (p) aCotton College,Assam a903 a823.9bSo 81 Cr aSoutham, B.C. . 0aCritical Essays On Jane Austen /cB.C.Southam.hTextual Documents aIst ed. / aLondon :bRoutledge & Kegan Paul ,c1970. a206pg ;c19cm. aEnglish Essays - Jane Austen aEnglish Essays- Criticism aG- English 2ddccBK 001040708Circulation(G)aSKBLbSKBLd2012-02-01f00000l0o823.9 So 81 Crp82078r2024-01-14 00:00:00t1w2012-02-01yBK c54151d54151